[Event "Sandton SWVG rapid op"]
[Site "Sandton"]
[Date "2019.05.18"]
[Round "1"]
[White "Grover, Sahaj"]
[Black "Swartz, David Saul"]
[Result "1-0"]
[WhiteElo "2475"]
[BlackElo "1952"]
[PlyCount "89"]
[EventDate "2019.05.18"]
[EventType "swiss (rapid)"]
[EventRounds "10"]
[EventCountry "RSA"]
[SourceTitle "CBM 190 Extra"]
[Source "ChessBase"]
[SourceDate "2019.07.15"]
[SourceVersion "1"]
[SourceVersionDate "2019.07.15"]
[SourceQuality "1"]

1. Nf3 d5 2. d4 Nf6 3. c4 e6 4. Nc3 Nbd7 5. g3 c6 6. Qd3 Be7 7. Bg2 0-0 8. 0-0 b6 9. cxd5 cxd5 10. Bf4 h6 11. Rac1 Nh5 12. Bd2 Bb7 13. Ne5 Rc8 14. f4 Nhf6 15. h3 a6 16. a4 Nb8 17. f5 exf5 18. Qxf5 Nc6 19. e3 Nb4 20. Kh1 Rc7 21. g4 Bc8 22. Qf2 Be6 23. Qe2 Nh7 24. Nd3 Nxd3 25. Qxd3 Bd6 26. Nxd5 Rxc1 27. Rxc1 Bxd5 28. Bxd5 Qh4 29. Qf1 Nf6 30. Bf3 Qg5 31. Qg2 Qg6 32. e4 Nh7 33. e5 Be7 34. Be4 Qe6 35. Rf1 Qc4 36. Bc3 Qxa4 37. d5 Bc5 38. Qc2 Qxc2 39. Bxc2 Ng5 40. Kg2 b5 41. h4 Nh7 42. d6 b4 43. Be1 f6 44. Bg3 fxe5 45. Bxh7+ 1-0

[Event "Johannesburg Sandton op"]
[Site "Johannesburg"]
[Date "2018.05.20"]
[Round "9"]
[White "Cawdery, Daniel"]
[Black "Swartz, David Saul"]
[Result "1/2-1/2"]
[WhiteElo "2366"]
[BlackElo "1954"]
[PlyCount "54"]
[EventDate "2018.05.19"]
[EventType "swiss"]
[EventRounds "10"]
[EventCountry "RSA"]
[SourceTitle "CBM 184 Extra"]
[Source "ChessBase"]
[SourceDate "2018.06.28"]
[SourceVersion "1"]
[SourceVersionDate "2018.06.28"]
[SourceQuality "1"]

1. e4 c5 2. Nf3 d6 3. d4 cxd4 4. Nxd4 Nf6 5. Nc3 Nc6 6. Bg5 e6 7. Qd2 Be7 8. 0-0-0 0-0 9. f4 Qa5 10. Kb1 Nxd4 11. Qxd4 h6 12. h4 b5 13. Bxf6 Bxf6 14. e5 dxe5 15. Qe4 Qb6 16. Bd3 g6 17. fxe5 Bb7 18. Qe2 Bg7 19. h5 g5 20. Ne4 Qc7 21. Nd6 Bd5 22. Be4 Bxe4 23. Qxe4 Qc5 24. Rhe1 a5 25. Nxf7 Kxf7 26. Rd7+ Kg8 27. Qg6 Qxe5 1/2-1/2

[Event "Johannesburg Sandton op"]
[Site "Johannesburg"]
[Date "2018.05.20"]
[Round "8"]
[White "Swartz, David Saul"]
[Black "Lesole, Pudungwane"]
[Result "1-0"]
[WhiteElo "1954"]
[BlackElo "1893"]
[PlyCount "71"]
[EventDate "2018.05.19"]
[EventType "swiss"]
[EventRounds "10"]
[EventCountry "RSA"]
[SourceTitle "CBM 184 Extra"]
[Source "ChessBase"]
[SourceDate "2018.06.28"]
[SourceVersion "1"]
[SourceVersionDate "2018.06.28"]
[SourceQuality "1"]

1. f4 d5 2. Nf3 Nf6 3. b3 g6 4. Bb2 Bg7 5. e3 Bg4 6. Be2 e6 7. d3 c5 8. Nbd2 Nc6 9. 0-0 0-0 10. Ne5 Bxe2 11. Qxe2 Qc7 12. Ndf3 Nd7 13. Nxd7 Qxd7 14. Bxg7 Kxg7 15. Ne5 Qd6 16. Nxc6 Qxc6 17. g4 f5 18. g5 Rae8 19. d4 b5 20. a4 b4 21. Qb5 Qc7 22. Qxc5 Qxc5 23. dxc5 Rc8 24. c3 Rxc5 25. cxb4 Rc3 26. Rab1 Rxe3 27. Rfc1 Re4 28. b5 Rxf4 29. Rc7+ Rf7 30. Rbc1 Rg4+ 31. Kf2 Rxg5 32. Rxf7+ Kxf7 33. Rc7+ Kf6 34. Rxa7 Rg4 35. b6 Rb4 36. b7 1-0

[Event "Johannesburg Sandton op"]
[Site "Johannesburg"]
[Date "2018.05.19"]
[Round "6"]
[White "Swartz, David Saul"]
[Black "Goosen, Anton"]
[Result "1/2-1/2"]
[WhiteElo "1954"]
[BlackElo "1971"]
[PlyCount "100"]
[EventDate "2018.05.19"]
[EventType "swiss"]
[EventRounds "10"]
[EventCountry "RSA"]
[SourceTitle "CBM 184 Extra"]
[Source "ChessBase"]
[SourceDate "2018.06.28"]
[SourceVersion "1"]
[SourceVersionDate "2018.06.28"]
[SourceQuality "1"]

1. f4 d6 2. Nf3 Nd7 3. e4 e5 4. d4 exd4 5. Nxd4 Nc5 6. Nc3 Nf6 7. Bc4 Be7 8. e5 Nfe4 9. e6 Nxc3 10. exf7+ Kf8 11. bxc3 d5 12. Bb3 a5 13. a4 Bh4+ 14. g3 Bf6 15. Ba3 Be7 16. 0-0 Nxb3 17. Re1 c5 18. cxb3 Kxf7 19. Nf3 Re8 20. Qd3 Kg8 21. Ng5 Bxg5 22. fxg5 Be6 23. Bxc5 Qxg5 24. Bd4 Bh3 25. Be3 Qf5 26. Qxf5 Bxf5 27. Rad1 Bc2 28. Rxd5 Bxb3 29. Rb5 Bxa4 30. Rxb7 Rac8 31. Kf2 Rxc3 32. Rxg7+ Kxg7 33. Bd4+ Kf7 34. Bxc3 Rc8 35. Bxa5 Rc2+ 36. Re2 Rxe2+ 37. Kxe2 Kg8 38. Ke3 Bc6 39. Kf4 Ba4 40. Kg5 Bc2 41. g4 Bb1 42. h4 Bc2 43. Kh6 Bd3 44. h5 Bc2 45. Kg5 Bd3 46. Kf6 Be2 47. Kf5 Bd1 48. h6 Ba4 49. g5 Bc2+ 50. Kf6 Bb1 1/2-1/2

[Event "Johannesburg PSS Prestige op"]
[Site "Johannesburg"]
[Date "2017.04.23"]
[Round "9"]
[White "Mfundisi, Sandile"]
[Black "Swartz, David Saul"]
[Result "0-1"]
[WhiteElo "1862"]
[BlackElo "1724"]
[PlyCount "148"]
[EventDate "2017.04.22"]
[EventType "swiss (rapid)"]
[EventRounds "10"]
[EventCountry "RSA"]
[SourceTitle "CBM 177 Extra"]
[Source "ChessBase"]
[SourceDate "2017.04.27"]
[SourceVersion "1"]
[SourceVersionDate "2017.04.27"]
[SourceQuality "1"]

1. e4 c5 2. d4 cxd4 3. c3 d3 4. Bxd3 Nc6 5. Nf3 d6 6. 0-0 Bg4 7. Re1 Nf6 8. h3 Bh5 9. Nbd2 e6 10. Qb3 Qc7 11. Nd4 a6 12. Qa4 Rc8 13. f4 e5 14. Nxc6 bxc6 15. g4 Qa7+ 16. Kg2 Bxg4 17. hxg4 Nxg4 18. Re2 Ne3+ 19. Kf3 exf4 20. Kxf4 g5+ 21. Kg3 h5 22. Qd4 h4+ 23. Kh2 Ng4+ 24. Kh1 Qxd4 25. cxd4 Be7 26. Bxa6 Rb8 27. Nf3 f6 28. e5 dxe5 29. dxe5 0-0 30. Bc4+ Kh8 31. exf6 Rxf6 32. Rxe7 Rxf3 33. Bd2 Rxb2 34. Rd1 Nf2+ 35. Kg2 Nxd1 36. Kxf3 Rxd2 37. a4 Rd4 38. Bb3 Rd3+ 39. Ke2 Rxb3 40. Kxd1 Ra3 41. Re5 Rxa4 42. Rxg5 Kh7 43. Rc5 Kh6 44. Ke2 Rf4 45. Rxc6+ Kh5 46. Ke3 Rf7 47. Rc8 h3 48. Rh8+ Kg4 49. Rg8+ Kh4 50. Rh8+ Kg3 51. Rg8+ Kh2 52. Ke2 Ra7 53. Kf1 Ra1+ 54. Kf2 Ra2+ 55. Kf1 Rg2 56. Rh8 Rg3 57. Kf2 Rg6 58. Rh7 Rf6+ 59. Ke1 Kg2 60. Rg7+ Kh1 61. Rg8 h2 62. Rg7 Ra6 63. Kf1 Ra1+ 64. Kf2 Rg1 65. Rh7 Rg6 66. Kf1 Rf6+ 67. Ke2 Rf4 68. Ke3 Rf5 69. Ke2 Kg2 70. Rg7+ Kh3 71. Rh7+ Kg3 72. Rg7+ Kh3 73. Rh7+ Kg2 74. Rg7+ Kh1 0-1

[Event "Johannesburg PSS Prestige op"]
[Site "Johannesburg"]
[Date "2017.04.23"]
[Round "10"]
[White "Swartz, David Saul"]
[Black "Tembo, Epah"]
[Result "1-0"]
[WhiteElo "1724"]
[BlackElo "1819"]
[PlyCount "101"]
[EventDate "2017.04.22"]
[EventType "swiss (rapid)"]
[EventRounds "10"]
[EventCountry "RSA"]
[SourceTitle "CBM 177 Extra"]
[Source "ChessBase"]
[SourceDate "2017.04.27"]
[SourceVersion "1"]
[SourceVersionDate "2017.04.27"]
[SourceQuality "1"]

1. e4 e6 2. d4 d5 3. exd5 exd5 4. Bd3 Bd6 5. c3 Ne7 6. Nf3 Bf5 7. 0-0 Bxd3 8. Qxd3 0-0 9. Re1 h6 10. Ne5 Bxe5 11. Rxe5 Ng6 12. Re2 c6 13. Be3 Nd7 14. Nd2 Nf6 15. Rae1 Qc7 16. Qf5 Qd7 17. Qxd7 Nxd7 18. Nf1 Rfe8 19. Ng3 Nf6 20. Nf5 b6 21. h4 Re6 22. Bc1 Rxe2 23. Rxe2 Re8 24. Rxe8+ Nxe8 25. h5 Nf8 26. Ne7+ Kh7 27. Nxc6 a6 28. Bf4 Nf6 29. Be5 N6d7 30. Nb4 f6 31. Bd6 Ne6 32. Nxa6 b5 33. Nb4 Nb6 34. Bc5 Nxc5 35. dxc5 Nd7 36. c6 Nb6 37. c7 Kg8 38. Nxd5 Nc8 39. b3 Kf7 40. c4 bxc4 41. bxc4 Ke6 42. Kf1 Ke5 43. a4 Kd4 44. Ne3 Kc5 45. Ke2 Kc6 46. Nd5 Kd7 47. Kd3 Nd6 48. c5 Nf7 49. f4 Nh8 50. a5 g5 51. a6 1-0

[Event "Johannesburg PSS Prestige op"]
[Site "Johannesburg"]
[Date "2017.04.22"]
[Round "3"]
[White "Bouah, Denise"]
[Black "Swartz, David Saul"]
[Result "1-0"]
[WhiteElo "1778"]
[BlackElo "1724"]
[PlyCount "95"]
[EventDate "2017.04.22"]
[EventType "swiss (rapid)"]
[EventRounds "10"]
[EventCountry "RSA"]
[SourceTitle "CBM 177 Extra"]
[Source "ChessBase"]
[SourceDate "2017.04.27"]
[SourceVersion "1"]
[SourceVersionDate "2017.04.27"]
[SourceQuality "1"]

1. e4 c5 2. Nf3 d6 3. d4 cxd4 4. Nxd4 Nf6 5. Nc3 Nc6 6. Bg5 e6 7. Qd2 Be7 8. Be2 0-0 9. h4 a6 10. g4 Qc7 11. 0-0-0 b5 12. Nxc6 Qxc6 13. Bxf6 Bxf6 14. Qxd6 Bb7 15. f3 Bxc3 16. Qxc6 Bxb2+ 17. Kxb2 Bxc6 18. Rd6 Rfc8 19. Rhd1 a5 20. a3 Rab8 21. e5 Bd5 22. Rd4 Rc5 23. f4 g6 24. Bd3 Rbc8 25. Ra6 a4 26. Rb6 Bc4 27. Be4 Be2 28. g5 Bf3 29. Bd3 Bd1 30. Rxb5 Rc3 31. Rd8+ Rxd8 32. Kxc3 Rc8+ 33. Kb2 Bf3 34. Rb4 Bc6 35. Bb5 Bxb5 36. Rxb5 Ra8 37. Rb4 Kf8 38. Kc3 Ke8 39. Rc4 Kd7 40. Kb4 Rb8+ 41. Kxa4 Rb1 42. Ka5 Rh1 43. a4 Rxh4 44. Kb6 Rh1 45. Rb4 Rc1 46. c4 Kc8 47. a5 Rd1 48. c5 1-0

[Event "Johannesburg PSS Prestige op"]
[Site "Johannesburg"]
[Date "2017.04.22"]
[Round "4"]
[White "Swartz, David Saul"]
[Black "Van Zyl Rudd, Jack"]
[Result "0-1"]
[WhiteElo "1724"]
[BlackElo "2075"]
[PlyCount "146"]
[EventDate "2017.04.22"]
[EventType "swiss (rapid)"]
[EventRounds "10"]
[EventCountry "RSA"]
[SourceTitle "CBM 177 Extra"]
[Source "ChessBase"]
[SourceDate "2017.04.27"]
[SourceVersion "1"]
[SourceVersionDate "2017.04.27"]
[SourceQuality "1"]

1. f4 Nf6 2. Nf3 g6 3. e3 Bg7 4. Nc3 0-0 5. Be2 d5 6. 0-0 c5 7. d3 Nc6 8. Kh1 Qc7 9. Qe1 Rd8 10. e4 dxe4 11. dxe4 Nd4 12. Bd3 Nxf3 13. Rxf3 Bg4 14. Rf1 c4 15. Be2 Bxe2 16. Qxe2 e6 17. Be3 Qc6 18. Bg1 b5 19. e5 Nd5 20. Nxd5 Rxd5 21. Rad1 Rad8 22. Bxa7 Qa6 23. Bc5 Qxa2 24. c3 Bf8 25. Bd4 b4 26. Ra1 Qb3 27. h3 bxc3 28. bxc3 Rb5 29. Rfb1 Qxb1+ 30. Rxb1 Rxb1+ 31. Kh2 Rc8 32. g4 Rbb8 33. f5 Bc5 34. Bxc5 Rxc5 35. Qe3 Rd5 36. Qc1 exf5 37. gxf5 Rxe5 38. fxg6 hxg6 39. Qf4 Rbe8 40. Qxc4 Re4 41. Qc6 R8e6 42. Qd5 R4e5 43. Qd8+ Kg7 44. Qd4 Kh7 45. Kg3 Re3+ 46. Kf2 Rxh3 47. c4 Rh5 48. Kf3 Rf5+ 49. Kg2 Rc6 50. Qh4+ Kg7 51. Qd4+ Rcf6 52. c5 Kh7 53. Qh4+ Kg8 54. Qd4 Rc6 55. Qd8+ Kh7 56. Qh4+ Rh5 57. Qe7 Kg7 58. Qe3 Rcxc5 59. Qd4+ Rce5 60. Kg3 Rhg5+ 61. Kf3 Rgf5+ 62. Kg3 Kh6 63. Qd2+ Rg5+ 64. Kf4 Ref5+ 65. Ke4 Kg7 66. Qc3+ Rf6 67. Qc7 Rb5 68. Qc3 Rbb6 69. Qc7 Rbe6+ 70. Kd4 g5 71. Qg3 Rf4+ 72. Kd5 Kg6 73. Qd3+ Rf5+ 0-1

[Event "Johannesburg PSS op"]
[Site "Johannesburg"]
[Date "2016.04.23"]
[Round "6"]
[White "Dyakuseni, Peacemaker"]
[Black "Swartz, David Saul"]
[Result "0-1"]
[WhiteElo "1802"]
[BlackElo "1943"]
[PlyCount "76"]
[EventDate "2016.04.23"]
[EventType "swiss"]
[EventRounds "10"]
[EventCountry "RSA"]
[SourceTitle "CBM 172 Extra"]
[Source "ChessBase"]
[SourceDate "2016.06.21"]
[SourceVersion "1"]
[SourceVersionDate "2016.06.21"]
[SourceQuality "1"]

1. e4 c5 2. Nf3 d6 3. d4 cxd4 4. Nxd4 Nf6 5. Nc3 Nc6 6. g3 Bg4 7. f3 Bd7 8. Be3 a6 9. Qd2 Rc8 10. 0-0-0 e5 11. Nb3 b5 12. g4 b4 13. Nd5 Nxd5 14. exd5 Na5 15. Qxb4 Nxb3+ 16. axb3 a5 17. Qd2 a4 18. Bc4 Qc7 19. h4 Qb7 20. Qd3 h5 21. Rdg1 g6 22. gxh5 Bf5 23. Qc3 Rxh5 24. f4 Be4 25. Rh2 Bg7 26. Bb5+ Kf8 27. Bc6 Qa6 28. Qb4 exf4 29. Bxf4 axb3 30. Bxd6+ Kg8 31. Qa3 Bh6+ 32. Kb1 bxc2+ 33. Rxc2 Qxa3 34. Bxa3 Bxc2+ 35. Ka2 Be4 36. Rd1 Bf8 37. b4 Rd8 38. b5 Bxd5+ 0-1